000 01514nam a2200361 c 4500
999 _c159817
_d159817
003 BLK
005 20240325085629.0
008 180410b bul|||||r ||||||| ||bul||
010 _aKNG00166991000
040 _aBLK
041 _aBUL
_cBUL
072 7 _2bullib
_aК
_xКраезнание
080 _aБългарска литература
_b821.163.2
_x-82
_z821.163.2-82
139 _aИскри над Янтра
_bИ 92
245 1 0 _aИскри над Янтра
_bЛит. сборник
_cред. Иван Коларов.
257 _aBGR
260 _bЛит. кръжок Гео Милев
_c1968
300 _a80 с.
_bс портр.
_c18 см
380 _aX
500 _aИзд. Орг. к-т по честване 90 год. от Освобождението на България - Бяла. 1 200 тир.
659 _aК
700 _aКоларов, Иван
_d1923 - 2009
_gПоет, сатирик, литературен критик, журналист. Преводач от сърбохърватски, руски, турски език. Обретеник
_qИванов, Иван Стоянов
_9491867
852 _aЦб І 10354
852 _aК 821.163.2/И 91 Я
852 _aК 821.163.2/К 11 T
856 4 _qpdf
856 4 _qpdf
942 _cKNG
_n0
_s1
944 _aCR
_c07.11.2014
_lГеновева Генчева
_k30560
944 _aED
_c07.11.2014
_l07.11.2014 - от С1,Р / 07.11.2014
999 _d159817
999 _d159817